TV Sitcoms by Characters - Statistics

General Stats
  • This quiz has been taken 573 times
    543 since last reset
  • The average score is 10 of 20
Answer Stats
Character Sitcom % Correct
Sheldon Cooper The Big Bang Theory
95%
Rachel Green Friends
94%
Barney Stinson How I Met Your Mother
80%
Phil Dunphy Modern Family
78%
Michael Scott The Office (U.S.)
76%
Ray Barone Everybody Loves Raymond
61%
Carrie Bradshaw Sex and the City
58%
Jake Peralta Brooklyn Nine-Nine
55%
Peggy Bundy Married... with Children
51%
Elaine Benes Seinfeld
51%
Niles Crane Frasier
50%
Sam Malone Cheers
48%
Philip Banks The Fresh Prince of Bel-Air
42%
Hawkeye Pierce M*A*S*H
41%
Darlene Connor Roseanne
41%
Donna Pinciotti That '70s Show
30%
Rose Lylund The Golden Girls
29%
Louie De Palma Taxi
20%
Alice Nelson The Brady Bunch
16%
Michael Kyle My Wife and Kids
5%
No matching quizzes found
Score Distribution
Percent of People with Each Score
Percentile by Number Answered
Your Score History
You have not taken this quiz since the last reset